Largest Countries A-Z All Time - Statistics

General Stats
  • This quiz has been taken 29 times
  • The average score is 7 of 26
Answer Stats
Hint Area (km2) Answer % Correct
M 24,000,000 Mongol Empire
88%
R 22,800,000 Russian Empire
85%
B 35,500,000 British Empire
73%
C 9,984,670 Canada
62%
O 5,200,000 Ottoman Empire
62%
S 13,700,000 Spanish Empire
46%
E 8,337,000 Empire of Brazil
42%
Q 14,700,000 Qing Dynasty
38%
U 11,100,000 Umayyad Caliphate
27%
K 2,724,910 Kazakhstan
19%
Y 11,000,000 Yuan Dynasty
19%
Z 905,600 Zaire
19%
A 11,100,000 Abbasid Caliphate
12%
I 3,825,000 Italian Empire
12%
T 5,400,000 Tang Dynasty
12%
W 6,000,000 Western Han Dynasty
12%
F 6,000,000 First Turkic Khaganate
8%
G 6,000,000 Golden Horde Khanate
8%
J 2,300,000 Jin Dynasty
8%
V 912,050 Venezuela
8%
X 9,000,000 Xiongnu Empire
8%
N 5,000,000 Northern Yuan Dynasty
4%
D 3,600,000 Dzungar Khanate
0%
H 1,700,000 Hephthalite Empire
0%
L 2,600,000 Liao Dynasty
0%
P 2,800,000 Parthian Empire
0%
No matching quizzes found
Score Distribution
Percent of People with Each Score
Percentile by Number Answered
Your Score History
You have not taken this quiz